|
|
|
|
| LEADER |
00912ncm#a22002895a#4500 |
| 001 |
018618 |
| 005 |
20160707154533.0 |
| 008 |
070424s2004####xx#uua#f############por#d |
| 040 |
|
|
|a AR-beUNQ
|
| 082 |
0 |
4 |
|a 783.66
|2 21
|
| 100 |
1 |
|
|a Bittencourt-Sampio, Sérgio
|4 mus
|
| 245 |
0 |
2 |
|a Canção do mar :
|b Canto e piano
|c música de Sérgio Bittencourt-Sampio; letra de Claudia Alencar.
|
| 260 |
|
|
|a [s.l.] :
|b [s.n.],
|c 2004.
|
| 300 |
|
|
|a 1 partitura (6 h.) ;
|c 32 cm.
|
| 500 |
|
|
|a Notación tradicional.
|
| 500 |
|
|
|a Para voz aguda y piano.
|
| 942 |
|
|
|c PAR
|n 0
|
| 650 |
|
7 |
|a Música
|2 Spines
|
| 651 |
|
7 |
|a Brasil
|2 Spines
|
| 653 |
|
|
|a Música contemporánea
|
| 653 |
|
|
|a Partituras
|
| 653 |
|
|
|a Piano
|
| 653 |
|
|
|a Voz
|
| 653 |
|
|
|a Siglo XX
|
| 700 |
1 |
|
|a Alencar, Claudia
|4 cmt
|
| 929 |
|
|
|a DONACION
|b Acad. Nac. de Música de Río de Janeiro
|d 0,00
|e 20050222
|f PAT0018956
|g Exp. 827-0387/98
|j 40014
|
| 999 |
|
|
|c 209
|d 75596
|